The Flash Episodes - Statistics

General Stats
  • This quiz has been taken 5 times
  • The average score is 46 of 183
Answer Stats
season episode title % Correct
Out of Time
100%
1 Pilot
100%
Part 3 of crossover Crisis on earth X
75%
Fast Enough
75%
Fastest Man Alive
75%
The Man in the Yellow Suit
75%
2 The Man Who Saved Central City
75%
All Star Team Up
50%
Attack on Central City
50%
Attack on Gorilla City
50%
Back to Normal
50%
Cause and Effect
50%
Crazy for You
50%
Dead or Alive
50%
crossover with supergirl Duet
50%
part 1 of crossover Elseworlds
50%
Enter Zoom
50%
Fallout
50%
Flash Back
50%
3 Flashpoint
50%
Flash Vs Arrow
50%
Going Rogue
50%
Grodd Lives
50%
I Know Who You Are
50%
Into the Speed Force
50%
part of Crossover event Invasion
50%
Invincible
50%
Killer Frost
50%
King Shark
50%
Mixed Signals
50%
Monster
50%
5 Nora
50%
Paradox
50%
Plastique
50%
P.O.W
50%
Power Outage
50%
Revenge of the Rogues
50%
Rogue Air
50%
Rogue Time
50%
Shade
50%
The Flash is Born
50%
4 The Flash Reborn
50%
The New Rogues
50%
The Nuclear Man
50%
The Once and Future Flash
50%
The Present
50%
The Race of his Life
50%
The Runaway Dinosaur
50%
The Sound and the Fury
50%
The Trap
50%
The Wrath of Savitar
50%
Things You can't Outrun
50%
Tricksters
50%
Untouchable
50%
Welcome to Earth 2
50%
Who is Harrison Wells
50%
Abra Kadabra
25%
A Girl Named Sue
25%
part 1 | part 2 | part 3 | part 4 a new world
25%
8 part 1 | Part 5 | part 2 | +2 others Armageddon
25%
Blocked
25%
Borrowing Problems from the Future
25%
Cause and XS
25%
Part 3 of epic 2019 crossover Crisis on Infinite Earths
25%
Death rises
25%
Don't Run
25%
Enter Flashtime
25%
Escape from Earth 2
25%
Failure is an Orphan
25%
Family of Rogues
25%
Fast Lane
25%
Finish Line
25%
Flash of Two Worlds
25%
Girls Night Out
25%
Godspeed
25%
Gorilla Warfare
25%
Harry and the Harrisons
25%
hear no evil
25%
Infantino Street
25%
6 into the Void
25%
King Shark vs Gorilla Grodd
25%
Legends of Today
25%
Liberation
25%
License to Elongate
25%
Lockdown
25%
Luck Be a Lady
25%
News Flash
25%
partners in time
25%
Potential Energy
25%
reckless
25%
rogues of war
25%
Run, iris, Run
25%
Running to Stand Still
25%
Rupture
25%
Snow Pack
25%
The Darkness and the Light
25%
The Death of Vibe
25%
The Fury of Firestorm
25%
the good, the bad and the lucky
25%
The Icicle Cometh
25%
part 1 | part 2 the mask of the red death
25%
Therefore she is
25%
The Reverse Flash Returns
25%
Think Fast
25%
Trajectory
25%
True Colors
25%
Versus Zoom
25%
We are the Flash
25%
season 9 Wednesday ever after
25%
When Harry Met Harry
25%
wildest dreams
25%
A Flash of the Lightning
0%
All Doll'd Up
0%
7 All's well that ends Wells
0%
Central city strong
0%
Dead Man Running
0%
death Falls
0%
Death of the Speed Force
0%
Elongated Journey Into Night
0%
Enemy at the gates
0%
part 1 | part 2 family matters
0%
Fear me
0%
Funeral for a friend
0%
Fury Rogue
0%
Gold Faced
0%
Gone Rogue
0%
Good-bye Vibrations
0%
Grodd Friended Me
0%
Growing pains
0%
part 1 heart of the matter
0%
part 2 Heart of the matter
0%
Honey, I Shrank Team Flash
0%
Impulsive Excessive Disorder
0%
Into the still force
0%
its my party and i'll die if i want to
0%
Keep it dark
0%
Kiss Kiss Breach Breach
0%
Legacy
0%
Lose Yourself
0%
Love is a Battlefield
0%
Magneta
0%
Marathon
0%
Masquerade
0%
Memorabilia
0%
Mother
0%
part 1 negative
0%
part 2 Negative
0%
Null and Annoyed
0%
O Come all Ye Thankful
0%
Pay the Piper
0%
Phantoms
0%
Rayo de Luz
0%
Resurrection
0%
Seeing Red
0%
So Long and Goodnight
0%
Success is Assured
0%
Suject 9
0%
The curious case of Bartholomew Allen
0%
The Elongated Knight Rises
0%
The Exorcism of Nash Wells
0%
The fire next time
0%
The Flash and the Furious
0%
The Girl with the Red Lightning
0%
Parts 1 and 2not needed The Last Temptation of Barry Allen
0%
The man in the yellow tie
0%
The one with the Nineties
0%
The people V Killer frost
0%
Therefore I Am
0%
There Will be Blood
0%
The Speed of Thought
0%
The Trial of the Flash
0%
Time Bomb
0%
Timeless
0%
Whats past is Prologue
0%
No matching quizzes found
Score Distribution
Percent of People with Each Score
Percentile by Number Answered
Your Score History
You have not taken this quiz